|
|
|
|
| LEADER |
00000nab a2200000uu 4500 |
| 001 |
vtls011439504 |
| 003 |
SK-MaSNL |
| 005 |
20260303221900.0 |
| 008 |
230213|1958 xo |||||||||||||||||slo| |
| 015 |
|
|
|a SNBRB
|
| 035 |
|
|
|a (urnnbn)urn:nbn:sk:snk:ar-002x0q
|
| 035 |
|
|
|a (uuid)8e137215-61e0-41c9-87aa-de7da3c2701c
|
| 035 |
|
|
|a urn:nbn:sk:snk-abce6v
|
| 040 |
|
|
|a SNKBUCL
|b slo
|c SNKBUCL
|e AACR2
|
| 041 |
0 |
|
|a slo
|
| 044 |
|
|
|a xo
|c SK
|
| 100 |
1 |
|
|a Vachold, Július,
|d 1918-2008
|4 aut
|9 19906
|
| 245 |
1 |
0 |
|a K PÄŤROČNÉMU JUBILEU ODDELENIA ZOOLÓGIE BIOLOGICKÉHO ÚSTAVU SLOVENSKEJ AKADÉMIE VIED
|c Július Vachold
|
| 773 |
0 |
|
|t Biológia : časopis Slovenskej akadémie vied
|g Roč. 13, č. 12 (1958), s. 931-934
|
| 954 |
|
|
|a odborná, vedecká literatúra pôvodná (slovenská)
|2 lita
|
| 958 |
|
|
|a OND
|
| 958 |
|
|
|a EUIPO
|
| 958 |
|
|
|a article16
|
| 999 |
|
|
|c 2236739
|d 2238669
|